Top 10th Famous Youtuber by Country - Statistics

General Stats
  • This quiz has been taken 40 times
  • The average score is 8 of 10
Answers on the Map
Answers color-coded by a green-red scale on the quiz's map according to % correct below.
 
Answer Stats
Youtuber Country % Correct
MrBeast United States
100%
Cocomelon United States
100%
Like Nastya United States
100%
WWE United States
100%
T-Series India
82%
Set india India
82%
Zee Music Company India
82%
PewDiePie Sweden
65%
Vlad and Niki Russia
56%
Kids Diana Show Ukraine
18%
No matching quizzes found
Score Distribution
Percent of People with Each Score
Percentile by Number Answered
Your Score History
You have not taken this quiz